Sith Lords - Statistiken

Allgemein
  • Dieses Quiz wurde 116 mal gespielt
  • Das Durchschnittsergebnis liegt bei 14 aus 36
Antwortstatistiken
Hint Antwort % Korrekt
This Sith Lord lead his 501st legion to purge all the Jedi inside the Coruscant Jedi temple during the Order 66 and lead the Inquisitorius to hunt the surviving ones in the galaxy Vader
97%
Souvereign monarch of the Galactic Empire Sidious
93%
This Dathomirian Nightbrother founded the Shadow Collective out of the Death Watch, Black Sun, Crimson Dawn and other criminal organisations out of revenge Maul
92%
This count of Serenno lead the Clone Wars in the shadows being responsible for the creation of both the clone army and the Confederacy of Independant Systems Tyrannus
80%
Destroyer of the Sith empire and inventor of the Rule of Two and Sith Order Bane
72%
Activating the Shadow Mass Generator he defeated Mandalore the ultimate during the Mandalorian Wars and took his mask, before building his own Sith empire Revan
67%
He could create life but couldn't save his own Plagueis
66%
He became Surpreme Leader of the First Order after the Emperors puppet Snoke died Kylo Ren
65%
His craving for force energy gave him his title as Lord of Hunger Nihilus
60%
Following the command of the Sith emperor he tracked down the legendary Star Forge of the Infinite Empire with his master, who he betrayed later Malak
55%
This Sith warrior during the Great Galactic War was able to take over the Jedi Temple on Coruscant Malgus
54%
This apprentice of Anakin Skywalker was responsible for the death of Jedi Master Shaak Ti and influenced the creation of the Rebel Alliance Starkiller
47%
The immortal emperor who led the Sith into exile after the Great Hyperspace War Vitiate
44%
Once a member of the Jedi Order this Tusken Raider turned to the dark side and build the One Sith after realising his family was killed by the lightsaber of Anakin Skywalker Krayt
40%
Only through his strong will and the power of the force this member of the Sith Triumvirate kept his own body together Sion
40%
Betrayed of both the Jedi Order and the Sith, she tried to strip the galaxy from the Force once and forever Traya
39%
Inventor of the double-bladed lightsaber Exar Kun
37%
First apprentice of the Rule of Two Zannah
37%
He defeated Ludo Kressh and led the Sith to reveal themselves to the galaxy to conquer it Naga Sadow
33%
The Sith Ladys Vergere and Lumiya worked together to make this member of the Skywalker Family the newest Sith Lord Caedus
28%
During his reign as dark lord the old Sith Empire lived through its golden age Marka Ragnos
26%
Golden king of Onderon Freedon Nadd
25%
First holder of the title Darth and discoverer of immortality Andeddu
20%
He destroyed or combined the splintered Sith warlords and their empires of the Sith Civil War into the Brotherhood of Darkness Skere Kaan
19%
Creator of the Prophets of the Dark Side Millennial
18%
This Pau'an Jedi Master took the title of Dark Lord of the Sith, which no one held for a long time, after studying dark teaching on his own Desolous
17%
Sith'ari and king of Korriban Adas
16%
Leader of the dark Jedi who landed on Korriban Ajunta Pall
16%
This Sith Lord founded the New Sith Empire and started the New Sith Wars Ruin
16%
He fought with his Legions of Lettow against the Jedi Order during the First Great Schism Xendor
9%
This shape shifting Dark Lady of the Sith used Sith alchemy to create her technobeast army Belia Darzu
8%
He is responsible for the extinction of the Sith Wredd
8%
This mysterious dark spirit lead the New Sith and his Black Knights Dark Underlord
7%
One of the founders of the Jedi Order, who turned to the dark side and by this inspired the founding of the Sith principles Rajivari
6%
This Sith lady influenced her family to fight over the Grumani sector during the Republic Dark Age Vilia Calimondra
6%
He almost unleashed a zombie plague on the galaxy Scabrous
3%
Keine übereinstimmenden Quizze gefunden
Verteilung der Resultate
Anzahl Personen mit jedem Resultat
Perzentil nach korrekt beantworteten Fragen
Ihre Resultats-Entwicklung
Sie haben dieses Quiz noch nicht gespielt